Library of the University of Algiers 3
Ibrahim Sultan Cheibout
شعار جامعة الجزائر 3
مكتبة جامعة الجزائر 3
إبراهيم سلطان شيبوط

الاقتصاد الجزئي : (رقم التسجيلة. 45002)

تفاصيل مارك
000 -LEADER
fixed length control field 01944nam a2200229Ia 4500
003 - CONTROL NUMBER IDENTIFIER
control field Ost
005 - DATE AND TIME OF LATEST TRANSACTION
control field 20260507075600.0
008 - FIXED-LENGTH DATA ELEMENTS--GENERAL INFORMATION
fixed length control field 260507s9999||||xx |||||||||||||| ||und||
040 ## - CATALOGING SOURCE
Transcribing agency fsecg
041 ## - LANGUAGE CODE
Language code of text/sound track or separate title ara
082 ## - DEWEY DECIMAL CLASSIFICATION NUMBER
Classification number 330
100 ## - MAIN ENTRY--PERSONAL NAME
Personal name جوارتني، جيمس
Relator term مؤلف
245 #0 - TITLE STATEMENT
Title الاقتصاد الجزئي :
Remainder of title الاختيار الخاص والعام /
Statement of responsibility, etc. جيمس جوارتني
260 ## - PUBLICATION, DISTRIBUTION, ETC.
Place of publication, distribution, etc. الرياض:
Name of publisher, distributor, etc. دار المريخ للنشر,
Date of publication, distribution, etc. 1987
300 ## - PHYSICAL DESCRIPTION
Extent 751 صفحة؛
Other physical details إيضاحات ؛
Dimensions 24 سم
504 ## - BIBLIOGRAPHY, ETC. NOTE
Bibliography, etc. note ملاحق ص.733
520 ## - SUMMARY, ETC.
Summary, etc. المنهجية الاقتصادية, بعض الادوات التحليلية الاقتصادية, العرض و الطلب و تفاعلات السوق و كذا العرض و الطلب في القطاع العام, الطلب و اختيار المستهلك, التكاليف و عرض السلع, المنشأة في ظل المنافسة الكاملة , الاحتكار و موانع الدخول, الحالات الوسيطة: المنافسة الاحتكارية و احتكار القلة اضافة الى هيكل قطاع الاعمال بين التقييد و عدم التقييد, العرض و الطلب على عناصر الانتاج, الكسب و المهارات و سوق العمل, راس المال و الفائدة و الربح, الاتحادات العمالية و المساومة الجماعية, تفاوت الدخل و قابلية للانتقال و المعركة ضد الفقر, سوق الطاقة, مشاكل اقتصاد السوق الخيار العام: الكسب من الحكومة و الاخفاق الحكومي, كذلك التنمية الاقتصادية و نمو الدخل و اخيرا النظم الاقتصادية المقارنة.
653 ## - INDEX TERM--UNCONTROLLED
Uncontrolled term الاقتصاد
653 ## - INDEX TERM--UNCONTROLLED
Uncontrolled term الاقتصاد الجزئي
700 ## - ADDED ENTRY--PERSONAL NAME
Personal name ستروب، ريتشارد
Relator term مؤلف ثانوي
942 ## - ADDED ENTRY ELEMENTS (KOHA)
Koha item type كتب
المقتنيات
Withdrawn status Lost status Source of classification or shelving scheme Damaged status Not for loan Home library Current library Date acquired Serial enumeration / chronology Inventory number Total checkouts Full call number Barcode Date last seen Price effective from Koha item type
    Dewey Decimal Classification   NOT LOAN / إعارة داخلية مكتبة كلية العلوم الإقتصادية والعلوم التجارية وعلوم التسيير مكتبة كلية العلوم الإقتصادية والعلوم التجارية وعلوم التسيير 07/05/2026 الطابق الأرضي 2278/1   أ/2278ن1 2278/1 07/05/2026 07/05/2026 كتب
    Dewey Decimal Classification   Available مكتبة كلية العلوم الإقتصادية والعلوم التجارية وعلوم التسيير مكتبة كلية العلوم الإقتصادية والعلوم التجارية وعلوم التسيير 07/05/2026 الطابق الأرضي 2278/2   أ/2278ن2 2278/2 07/05/2026 07/05/2026 كتب
    Dewey Decimal Classification   Available مكتبة كلية العلوم الإقتصادية والعلوم التجارية وعلوم التسيير مكتبة كلية العلوم الإقتصادية والعلوم التجارية وعلوم التسيير 07/05/2026 الطابق الأرضي 2278/3   أ/2278ن3 2278/3 07/05/2026 07/05/2026 كتب
    Dewey Decimal Classification   Available مكتبة كلية العلوم الإقتصادية والعلوم التجارية وعلوم التسيير مكتبة كلية العلوم الإقتصادية والعلوم التجارية وعلوم التسيير 07/05/2026 الطابق الأرضي 2278/4   أ/2278ن4 2278/4 07/05/2026 07/05/2026 كتب
    Dewey Decimal Classification   Available مكتبة كلية العلوم الإقتصادية والعلوم التجارية وعلوم التسيير مكتبة كلية العلوم الإقتصادية والعلوم التجارية وعلوم التسيير 07/05/2026 الطابق الثاني 2278/5   أ/2278ن5 2278/5 07/05/2026 07/05/2026 كتب
    Dewey Decimal Classification   Available مكتبة كلية العلوم الإقتصادية والعلوم التجارية وعلوم التسيير مكتبة كلية العلوم الإقتصادية والعلوم التجارية وعلوم التسيير 07/05/2026 الطابق الثاني 2278/6   أ/2278ن6 2278/6 07/05/2026 07/05/2026 كتب
    Dewey Decimal Classification   Available مكتبة كلية العلوم الإقتصادية والعلوم التجارية وعلوم التسيير مكتبة كلية العلوم الإقتصادية والعلوم التجارية وعلوم التسيير 07/05/2026 الطابق الثاني 2278/7   أ/2278ن7 2278/7 07/05/2026 07/05/2026 كتب

موارد الويب المفتوحة


© University of Algiers 3 All Rights Reserved
|
Implemented by LECHELAH Riad